Estadísticas para Países con los Corredores de Maratón más Rápidos

Haz click aquí para tomar la prueba!

Estadísticas generales

  • Esta prueba ha sido tomada 565 veces
  • La puntuación promedio es 8 de 12

Estadísticas de respuestas

#Mejor TiempoPaís% Correcto
4032:02:57Kenia
94%
162:04:58Estados Unidos
91%
1512:03:59Etiopía
81%
152:07:13Reino Unido
73%
162:06:52España
67%
112:08:01Tanzania
65%
142:06:33Sudáfrica
63%
762:06:16Japón
57%
122:07:22Italia
54%
102:07:19México
51%
112:07:27Eritrea
49%
182:05:27Marruecos
48%

Distribución de puntuación

Porcentaje por número respondido

Porcentaje de gente con cada puntuación

Historial de tus puntuaciones

No has tomado esta prueba